[Event "ARG-ch U16"]
[Site "Villa Carlos Paz"]
[Date "2004.09.03"]
[Round "5"]
[White "Oreggione, Agustin"]
[Black "Blanc, Pablo"]
[Result "0-1"]
[WhiteElo "2025"]
[BlackElo "1927"]
[PlyCount "52"]
[EventDate "2004.09.01"]
[EventType "swiss"]
[EventRounds "7"]
[EventCountry "ARG"]
[SourceTitle "CBM 102 Extra"]
[Source "ChessBase"]
[SourceDate "2004.11.03"]
[SourceVersion "1"]
[SourceVersionDate "2004.11.03"]
[SourceQuality "1"]

1. e4 c5 2. Nc3 Nc6 3. g3 d6 4. Bg2 g6 5. Nge2 Bg7 6. 0-0 Nf6 7. d3 0-0 8. h3 a6 9. a4 e6 10. Be3 Qc7 11. f4 Rb8 12. Qd2 b5 13. axb5 axb5 14. Rab1 Rd8 15. d4 Ba6 16. dxc5 dxc5 17. Qe1 Nd4 18. Qf2 b4 19. Bxd4 cxd4 20. e5 dxc3 21. exf6 Bxf6 22. bxc3 bxc3 23. Bf3 Rd2 24. Rxb8+ Qxb8 25. Rc1 Bxe2 26. Bxe2 Bd4 0-1

[Event "ARG-ch U16"]
[Site "Villa Carlos Paz"]
[Date "2004.09.02"]
[Round "3"]
[White "Oreggione, Agustin"]
[Black "Carrera, Martin"]
[Result "0-1"]
[WhiteElo "2025"]
[BlackElo "1970"]
[PlyCount "24"]
[EventDate "2004.09.01"]
[EventType "swiss"]
[EventRounds "7"]
[EventCountry "ARG"]
[SourceTitle "CBM 102 Extra"]
[Source "ChessBase"]
[SourceDate "2004.11.03"]
[SourceVersion "1"]
[SourceVersionDate "2004.11.03"]
[SourceQuality "1"]

1. e4 c5 2. f4 Nc6 3. c3 d5 4. e5 d4 5. d3 Nh6 6. h3 e6 7. Nf3 Nf5 8. Qe2 Ng3 9. Qc2 Nxh1 10. g4 Be7 11. Bg2 Bh4+ 12. Kf1 Ng3+ 0-1